Washington State Counties - Sudden Death 2 - Statistics

General Stats
  • This quiz has been taken 11 times
  • The average score is 9 of 19
Answers on the Grid
Answers color-coded by a green-red scale on the quiz's grid according to % correct below.
Adams
Asotin
Benton
Clark
Columbia
Cowlitz
Douglas
Franklin
Garfield
Grays Harbor
Kittitas
Klickitat
Mason
Skamania
Snohomish
Thurston
Whatcom
Whitman
Grant
Washington
Harrison
Hayes
Juan de Fuca
Cascades
Makah
Gifford
Wapato
Chehalis
Puyallup
Quinalt
Queets
Multnomah
Sherman
Wasco
Bingham
Gem
Valley
Issaquah
Victoria
Kootenay
 
Answer Stats
Answer % Correct
Snohomish
67%
Whatcom
67%
Grant
56%
Grays Harbor
56%
Thurston
56%
Whitman
56%
Adams
44%
Asotin
44%
Benton
44%
Clark
44%
Columbia
44%
Cowlitz
44%
Douglas
44%
Franklin
44%
Garfield
44%
Kittitas
44%
Klickitat
44%
Mason
44%
Skamania
44%
No matching quizzes found
Score Distribution
Percent of People with Each Score
Percentile by Number Answered
Your Score History
You have not taken this quiz